书目信息 |
| 题名: |
离子液体在核酸和蛋白质分离中的应用
|
|
| 作者: | 程德红 著 | |
| 分册: | ||
| 出版信息: | 北京 中国纺织出版社 2018 |
|
| 页数: | 119页 | |
| 开本: | 24cm | |
| 丛书名: | ||
| 单 册: | ||
| 中图分类: | Q52 , Q51 | |
| 科图分类: | ||
| 主题词: | 离子--li zi--液体--应用--核酸--分离--研究 , 离子--li zi--液体--应用--蛋白质--分离--研究 | |
| 电子资源: | ||
| ISBN: | 978-7-5180-5406-0 | |
| 000 | 01449nam0 2200301 450 | |
| 001 | 012001001732 | |
| 005 | 20131108173829.0 | |
| 010 | @a978-7-5180-5406-0@dCNY88.00 | |
| 099 | @aCAL 012018184857 | |
| 100 | @a20181130d2018 em y0chiy50 ea | |
| 101 | 0 | @achi |
| 102 | @aCN@b110000 | |
| 105 | @aak a 000yy | |
| 106 | @ar | |
| 200 | 1 | @a离子液体在核酸和蛋白质分离中的应用@Ali zi ye ti zai he suan he dan bai zhi fen li zhong de ying yong@f程德红著 |
| 210 | @a北京@c中国纺织出版社@d2018 | |
| 215 | @a119页@c图@d24cm | |
| 314 | @a程德红, 博士, 硕士生导师, 辽东学院化学工程学院教师, 辽宁省功能纺织材料重点实验室骨干教师。 | |
| 320 | @a有书目 (第117-119页) | |
| 330 | @a本书概述了离子液体的研究现状及未来发展趋势, 系统介绍了离子液体作为绿色溶剂在生物分子萃取分离、分析检测中的应用。详细论述了疏水性离子液体1-丁基-3-甲基咪唑六氟磷酸盐 (BmimPF6) 对DNA的萃取分离富集, 建立了直接定量离子液体相中DNA的共振光散射方法, 并以不同烷基侧链的咪唑类疏水性离子液体为萃取溶剂研究了对血红蛋白、细胞色素C蛋白质的萃取、分离, 研究了不同烷基侧链的咪唑类离子液体的荧光光谱, 并将其用于血红蛋白的分析检测。 | |
| 333 | @a本书可供分析化学相关专业人员, 化学、化工相关院校的教师、学生参考阅读 | |
| 606 | 0 | @a离子@Ali zi@x液体@x应用@x核酸@x分离@x研究 |
| 606 | 0 | @a离子@Ali zi@x液体@x应用@x蛋白质@x分离@x研究 |
| 690 | @aQ52@v5 | |
| 690 | @aQ51@v5 | |
| 701 | 0 | @a程德红@ACheng Dehong@4著 |
| 801 | 0 | @aCN@b北京卓展@c20191020 |
| 905 | @b1198870-3@dQ52@e285@f4 | |
| 离子液体在核酸和蛋白质分离中的应用/程德红著.-北京:中国纺织出版社,2018 |
| 119页:图;24cm |
| 使用对象:本书可供分析化学相关专业人员, 化学、化工相关院校的教师、学生参考阅读 |
| ISBN 978-7-5180-5406-0:CNY88.00 |
| 本书概述了离子液体的研究现状及未来发展趋势, 系统介绍了离子液体作为绿色溶剂在生物分子萃取分离、分析检测中的应用。详细论述了疏水性离子液体1-丁基-3-甲基咪唑六氟磷酸盐 (BmimPF6) 对DNA的萃取分离富集, 建立了直接定量离子液体相中DNA的共振光散射方法, 并以不同烷基侧链的咪唑类疏水性离子液体为萃取溶剂研究了对血红蛋白、细胞色素C蛋白质的萃取、分离, 研究了不同烷基侧链的咪唑类离子液体的荧光光谱, 并将其用于血红蛋白的分析检测。 |
| ● |
| 相关链接 |
|
|
|
|
正题名:离子液体在核酸和蛋白质分离中的应用
索取号:Q52/285
 
预约/预借
| 序号 | 登录号 | 条形码 | 馆藏地/架位号 | 状态 | 备注 |
| 1 | 1198870 | 211988704 | 第二样本阅览室/ [索取号:Q52/285] | 在馆 | |
| 2 | 1198871 | 211988713 | 第三借阅区/ [索取号:Q52/285] | 在馆 | |
| 3 | 1198872 | 211988722 | 第三借阅区/ [索取号:Q52/285] | 在馆 | |
| 4 | 1198873 | 211988731 | 第三借阅区/ [索取号:Q52/285] | 在馆 |